1816 1322 1116 1748 1181 1481 1475 1565 1950 1097 1359 1739 1529 1343 1202 1242 1454 1169 1997 1959 1567 1728 1902 1682 1752 1891 1080 1139 1378 1988 1816 1598 1794 1841 1685 1969 1239 1294 1989 1993 1755 1853 1513 1445 1475 1472 1663 1560 1838 1246 1199 1776 1911 1580 1045 1641 1455 1635 1486 1860 1512 1251 1402 1631 1211 1763 1092 1851 1608 1904 1002 1453 1037 1427 1167 1485 1619 1855 1547 1260 1364 1169 1561 1460 1450 1823 1908 1912 1363 1469 1626 1211 1690 1264 1553 1996 1547 1373 1184 BCNSPRNW ULIB Ver.6.0+V

เปลี่ยนเป็นภาษาไทย

Change to English
 แสดงรายละเอียดบรรณานุกรม
  กลับหน้าหลัก

Brief Record : Get Marc (ISO 2709) : E-mail record : QR code < ปิดหน้าต่าง
LEADER : 00000nam 2200000uu 4500
001    13399122204
003     ULIB
008    130110s2548||||th 000 0 tha d
020    ^a9789741402878
090    ^aนว.^bซ331ผ
100 0  ^aซี.เอส.ลูอิส
245 00 ^aผจญภัยโพ้นทะเล/^cซี.เอส.ลูอิส
250    ^aพิมพ์ครั้งที่ 2
260    ^aกรุงเทพฯ :^bผีเสื้อ,^c2552
300    ^a296 หน้า
710 1  ^aสุมนา
945    ^p293^l0^i020545
995    ^aวิภา
999 ^a ใช้งานได้ทุกระบบ
รายการนี้ยังไม่มีแท็ก
คุณยังไม่ได้ล็อกอิน คุณสามารถมีกิจกรรมร่วมกับเว็บไซต์ได้ แต่ต้องล็อกอินก่อน ::
  ล็อกอิน

รายการสื่อสารสนเทศ

ลำดับที่ ประเภท เลขเรียก/บาร์โค้ด สถานที่ สถานะ
1. นวนิยาย
นวนิยาย
นว. ซ331ผ  
  Barcode: 020545
ห้องสมุดวิทยาเขตสวรรค์ประชารักษ์
►นวนิยาย
บนชั้น
  ขอยืม

BibComment


ยังไม่เคยถูกคอมเมนท์

คอมเมนท์ทรัพยากรรายการนี้
  คอมเมนท์: ผจญภัยโพ้นทะเล ซ..


 Copyright 2026. Bcnsprnw @Library